|
|
|
|
| LEADER |
00795nta a2200205 i 4500 |
| 001 |
dipl136163 |
| 005 |
20230809145140.0 |
| 008 |
230809s2022 hu om 0|| hun d |
| 040 |
|
|
|a SZTE Diploma Repozitórium
|b hun
|
| 041 |
|
|
|a hun
|
| 100 |
1 |
|
|a Roszik Sára
|
| 245 |
1 |
2 |
|a A delfinek kommunikációja és szociális viselkedése
|h [elektronikus dokumentum] /
|c Sára Roszik
|
| 246 |
1 |
0 |
|a The Communication and Social Behaviour of Dolphins
|h [elektronikus dokumentum]
|
| 260 |
|
|
|c 2022
|
| 650 |
|
4 |
|a Természettudományok
|
| 650 |
|
4 |
|a Natural sciences
|
| 650 |
|
4 |
|a Biological sciences
|
| 650 |
|
4 |
|a Zoology, ornithology, entomology, behavioural sciences biology
|
| 700 |
1 |
|
|a Maák István Elek
|e ths
|
| 856 |
4 |
0 |
|u https://diploma.bibl.u-szeged.hu/id/eprint/136163/1/2022_roszik_sara.pdf
|z Dokumentum-elérés
|